| 000 | 00712na a2200241 4500 | ||
|---|---|---|---|
| 001 | 16837 | ||
| 003 | MIRAKIL | ||
| 005 | 20181213154912.0 | ||
| 008 | 161014b tu 000 0 | ||
| 020 | _a9786054925506 | ||
| 040 |
_aMilas _btur _cTR-AnCHP |
||
| 041 | _atur | ||
| 082 |
_a956,101543 _bÇ25 2016 |
||
| 090 | _a956,101543 Ç25 2016 | ||
| 245 |
_aÇanakkale Savaşları tarihi _ced. Mustafa Demir |
||
| 260 |
_aİstanbul _bAile ve Sosyal Politikalar Bakanlığı _c2016 |
||
| 300 |
_a832 s. _btbl.; fotğ. _c27 sm. |
||
| 504 | _aKaynakça var. | ||
| 650 |
_aÇanakkale Savaşları _xDerlemeler |
||
| 650 |
_aTarih _xÇanakkale Savaşları _zTürkiye |
||
| 700 | _aDemir, Mustafa | ||
| 942 |
_2ddc _cBKS |
||
| 999 |
_c2865 _d2865 |
||